NTC'S New College French and English Dictionary (Record no. 21382)

MARC details
000 -LEADER
fixed length control field 00611nam a22001817a 4500
003 - CONTROL NUMBER IDENTIFIER
control field OSt
005 - DATE AND TIME OF LATEST TRANSACTION
control field 20260423094435.0
008 - FIXED-LENGTH DATA ELEMENTS--GENERAL INFORMATION
fixed length control field 260203b |||||||| |||| 00| 0 eng d
020 ## - INTERNATIONAL STANDARD BOOK NUMBER
International Standard Book Number 9780844214801
040 ## - CATALOGING SOURCE
Transcribing agency Chuka University Library
050 ## - LIBRARY OF CONGRESS CALL NUMBER
Classification number PC 2640
Item number .N75 1997
100 ## - MAIN ENTRY--PERSONAL NAME
Personal name National Textbook Company
9 (RLIN) 22982
245 ## - TITLE STATEMENT
Title NTC'S New College French and English Dictionary
260 ## - PUBLICATION, DISTRIBUTION, ETC.
Place of publication, distribution, etc. Illinois,Chicago
Name of publisher, distributor, etc. NTC /contemporary publishing group
Date of publication, distribution, etc. 1997
300 ## - PHYSICAL DESCRIPTION
Extent 601p.
650 ## - SUBJECT ADDED ENTRY--TOPICAL TERM
Topical term or geographic name entry element 1.French language ---Dictionaries--English 2.English language ----Dictionaries ---French
9 (RLIN) 22870
942 ## - ADDED ENTRY ELEMENTS (KOHA)
Source of classification or shelving scheme Library of Congress Classification
Koha item type Reference Books
Suppress in OPAC No
Holdings
Withdrawn status Lost status Source of classification or shelving scheme Damaged status Not for loan Collection Home library Current library Shelving location Date acquired Source of acquisition Cost, normal purchase price Total Checkouts Full call number Barcode Date last seen Copy number Price effective from Koha item type
    Library of Congress Classification     Reference Collection Main Campus Library Main Campus Library Reference Section 03/02/2026 Donation from Books for Africa 6487.00   REF PC 2640.N75 1997 29878/2026 03/02/2026 1 03/02/2026 Reference Books

Powered by Koha